LEADER 00965cam0-2200337---450- 001 990005479820403321 005 20101102151554.0 035 $a000547982 035 $aFED01000547982 035 $a(Aleph)000547982FED01 035 $a000547982 100 $a19990604e19681681km-y0itay50------ba 101 0 $afre 102 $aGB 105 $ay-------000yy 200 1 $aDissertation sur les ouvrages des plus fameux peintres$fRoger de Piles 210 $aFarnborough$cGregg INternational$d1968 215 $a140, 38, p.$d17 cm 300 $aRipr. facs. dell'ed. Parigi 1681 610 0 $aPittura 610 0 $aRubens, Peter Paul 676 $a759 676 $a759.49 700 1$aPiles,$bRoger De$0211998 801 0$aIT$bUNINA$gRICA$2UNIMARC 901 $aBK 912 $a990005479820403321 952 $a759 PIL 1$bST. ARTE 10632$fFLFBC 959 $aFLFBC 996 $aDissertation sur les ouvrages des plus fameux peintres$9587355 997 $aUNINA LEADER 01552nam 2200373 450 001 9910688156803321 005 20230627200244.0 024 7 $a10.5772/intechopen.94734 035 $a(CKB)5580000000514474 035 $a(NjHacI)995580000000514474 035 $a(EXLCZ)995580000000514474 100 $a20230627d2022 uy 0 101 0 $aeng 135 $aur||||||||||| 181 $ctxt$2rdacontent 182 $cc$2rdamedia 183 $acr$2rdacarrier 200 00$aLegumes Research$hVolume 1 /$fJose C. Jime?nez-Lo?pez, Alfonso Clemente, editors 210 1$aLondon :$cIntechOpen,$d2022. 215 $a1 online resource (480 pages) 311 $a1-83969-492-0 320 $aIncludes bibliographical references. 330 $aThis book is a collection of updated studies related to current improvements in legume traits and their agricultural benefits. It discusses the physiological functions, genetics, and genomics of legume crops. Chapters address such topics as genetics and biological insights of seed traits in the context of climate change, improving quality and yields of legume seeds, new genetic resources from diverse germplasms, and agricultural benefits of legumes in agroecosystems. 606 $aLegumes$xBiotechnology 615 0$aLegumes$xBiotechnology. 676 $a633.304233 702 $aClemente$b Alfonso 702 $aJime?nez-Lo?pez$b Jose C. 801 0$bNjHacI 801 1$bNjHacl 906 $aBOOK 912 $a9910688156803321 996 $aLegumes research$93084480 997 $aUNINA LEADER 01461nam0 22003613i 450 001 PUV0419984 005 20231121125615.0 020 $aIT$b1924 4692 100 $a20151112d1924 ||||0itac50 ba 101 | $aita$agrc$cgrc 102 $ait 181 1$6z01$ai $bxxxe 182 1$6z01$an 200 1 $a˜Gli œAcarnesi$fAristofane$gcon note di Angelo Taccone 210 $aTorino$cG. Chiantore$d1924 215 $aXV, 86 p.$d20 cm. 225 | $aCollezione di classici greci e latini con note italiane 410 0$1001NAP0064686$12001 $aCollezione di classici greci e latini con note italiane 500 10$aAcharnenses$3RMS0050933$9CFIV018870$93090844 606 $aAristofane . Acarnesi$xCommenti$2FIR$3RMLC429958$9E 676 $a882.01$9Poesia drammatica e letteratura drammatica greca classica. Periodo antico, fino al 499 ca.$v22 700 0$aAristophanes$3CFIV018870$4070$0602827 702 1$aTaccone$b, Angelo$f <1878-1952>$3RAVV078805 790 0$aAristofane$3CFIV018871$zAristophanes 790 0$aAristofan?s$3CFIV316949$zAristophanes 801 3$aIT$bIT-01$c20151112 850 $aIT-FR0017 899 $aBiblioteca umanistica Giorgio Aprea$bFR0017 $eN 912 $aPUV0419984 950 0$aBiblioteca umanistica Giorgio Aprea$d 52DFV A 330$e 52BUN0000105855 VMC RS $fC $h20151112$i20151112 977 $a 52 996 $aAcharnenses$93090844 997 $aUNICAS